The Brady Bunch movie (Record no. 18074)
[ view plain ]
| 000 -LEADER | |
|---|---|
| fixed length control field | 01533cgm a22003617a 4500 |
| 007 - PHYSICAL DESCRIPTION FIXED FIELD--GENERAL INFORMATION | |
| fixed length control field | vc cgaizm |
| 008 - FIXED-LENGTH DATA ELEMENTS--GENERAL INFORMATION | |
| fixed length control field | 140217t2010 xxk85 e |||| 0| vleng d |
| 020 ## - INTERNATIONAL STANDARD BOOK NUMBER | |
| International Standard Book Number | 5014437832733 |
| 082 04 - DEWEY DECIMAL CLASSIFICATION NUMBER | |
| Edition number | 22 |
| Classification number | 791.4372 |
| Item number | BRA |
| 245 04 - TITLE STATEMENT | |
| Title | The Brady Bunch movie |
| Medium | [videorecording] / |
| Statement of responsibility, etc | Paramount Pictures ; produced by Sherwood Schwartz, Lloyd J. Schwartz, David Kirkpatrick ; written by Laurice Elehwany ... [et al.] ; directed by Betty Thomas. |
| 250 ## - EDITION STATEMENT | |
| Edition statement | 1.78 : 1 widescreen |
| 260 ## - PUBLICATION, DISTRIBUTION, ETC. (IMPRINT) | |
| Place of publication, distribution, etc | [London] : |
| Name of publisher, distributor, etc | Paramount Home Entertainment, |
| Date of publication, distribution, etc | c.2010. |
| 300 ## - PHYSICAL DESCRIPTION | |
| Extent | 1 videodisc (85 min.) : |
| Other physical details | sd., col. ; |
| Dimensions | 4 3/4 in. |
| 490 0# - SERIES STATEMENT | |
| Series statement | Widescreen DVD Collection |
| 508 ## - CREATION/PRODUCTION CREDITS NOTE | |
| Creation/production credits note | Director of photography Mac Ahlberg ; music producer Steve Tyrell. |
| 511 ## - PARTICIPANT OR PERFORMER NOTE | |
| Participant or performer note | Shelley Long, Gary Cole, Michael McKean. |
| 521 ## - TARGET AUDIENCE NOTE | |
| Target audience note | Suitable only for persons of 12 years and over. |
| 650 #0 - SUBJECT ADDED ENTRY--TOPICAL TERM | |
| 9 (RLIN) | 35315 |
| Topical term or geographic name as entry element | Husband and wife |
| Form subdivision | Drama |
| 650 #0 - SUBJECT ADDED ENTRY--TOPICAL TERM | |
| 9 (RLIN) | 30584 |
| Topical term or geographic name as entry element | Brothers and sisters |
| Form subdivision | Drama. |
| 653 ## - INDEX TERM--UNCONTROLLED | |
| -- | GGEN |
| -- | February2014 |
| 700 1# - ADDED ENTRY--PERSONAL NAME | |
| 9 (RLIN) | 35316 |
| Personal name | McKean, Michael, |
| Dates associated with a name | 1947- |
| 700 1# - ADDED ENTRY--PERSONAL NAME | |
| 9 (RLIN) | 35317 |
| Personal name | Cole, Gary, |
| Dates associated with a name | 1956- |
| 700 1# - ADDED ENTRY--PERSONAL NAME | |
| 9 (RLIN) | 35318 |
| Personal name | Long, Shelley, |
| Dates associated with a name | 1949- |
| 700 1# - ADDED ENTRY--PERSONAL NAME | |
| 9 (RLIN) | 35319 |
| Personal name | Tyrell, Steve, |
| Dates associated with a name | 1944- |
| 700 1# - ADDED ENTRY--PERSONAL NAME | |
| 9 (RLIN) | 35320 |
| Personal name | Ahlberg, Mac |
| Dates associated with a name | 1931-2012 |
| 700 1# - ADDED ENTRY--PERSONAL NAME | |
| 9 (RLIN) | 35321 |
| Personal name | Thomas, Betty, |
| Dates associated with a name | 1948- |
| 700 1# - ADDED ENTRY--PERSONAL NAME | |
| 9 (RLIN) | 35322 |
| Personal name | Elehwany, Laurice |
| 700 1# - ADDED ENTRY--PERSONAL NAME | |
| 9 (RLIN) | 35323 |
| Personal name | Kirkpatrick, David, |
| Dates associated with a name | 1951- |
| 700 1# - ADDED ENTRY--PERSONAL NAME | |
| 9 (RLIN) | 35324 |
| Personal name | Lloyd J. Schwartz, |
| Dates associated with a name | 1946- |
| 700 1# - ADDED ENTRY--PERSONAL NAME | |
| 9 (RLIN) | 35325 |
| Personal name | Schwartz, Sherwood, |
| Titles and other words associated with a name | 1916-2011 |
| 710 2# - ADDED ENTRY--CORPORATE NAME | |
| 9 (RLIN) | 35269 |
| Corporate name or jurisdiction name as entry element | Paramount Pictures Corporation (1914-1927) |
| 942 ## - ADDED ENTRY ELEMENTS (KOHA) | |
| Source of classification or shelving scheme | Dewey Decimal Classification |
| Item type | |
| Call number prefix | 791.4372 BRA |
| Withdrawn status | Lost status | Source of classification or shelving scheme | Damaged status | Not for loan | Koha collection | Home library | Current library | Shelving location | Date acquired | Source of acquisition | Total Checkouts | Full call number | Barcode | Date last seen | Koha item type |
|---|---|---|---|---|---|---|---|---|---|---|---|---|---|---|---|
| Dewey Decimal Classification | Baccah | Central Library | Central Library | Second Floor | 17/02/2014 | Purchase | 791.4372 BRA | 000035637 | 24/08/2022 | CD | DVD - Movie (NB) |